LEADER 01240nam a2200373 i 4500 001 991000646569707536 005 20020507171717.0 008 961010s1979 us ||| | eng 020 $a0471021407 035 $ab10737522-39ule_inst 035 $aLE01300107$9ExL 040 $aDip.to Matematica$beng 082 0 $a510 084 $aAMS 00A06 084 $aAMS 15-XX 084 $aAMS 30-XX 084 $aAMS 34-XX 084 $aAMS 60-XX 100 1 $aKreyszig, Erwin$01138 245 10$aAdvanced engineering mathematics /$cErwin Kreyszig 250 $a4th ed. 260 $aNew York :$bJ. Wiley & Sons,$cc1979 300 $axvii, 939, [92] p. :$bill. ;$c26 cm 500 $aIncludes bibliographical references and index 650 0$aEngineering mathematics 650 0$aMathematical physics 650 0$aMathematics for nonmathematicians 650 0$aOrdinary differential equations 907 $a.b10737522$b27-10-16$c28-06-02 912 $a991000646569707536 945 $aLE013 00A KRE11 (1979)$g1$i2013000062853$lle013$o-$pE0.00$q-$rl$s- $t0$u2$v0$w2$x0$y.i10827742$z28-06-02 996 $aAdvanced engineering mathematics$936902 997 $aUNISALENTO 998 $ale013$b01-01-96$cm$da $e-$feng$gus $h0$i1 LEADER 03080 am 2200685 n 450 001 9910516006403321 005 20210607 010 $a979-1-03-620422-7 010 $a2-84788-556-0 024 7 $a10.4000/books.enseditions.28305 035 $a(CKB)3710000000381268 035 $a(FrMaCLE)OB-enseditions-28305 035 $a(oapen)https://directory.doabooks.org/handle/20.500.12854/85253 035 $a(PPN)259402532 035 $a(EXLCZ)993710000000381268 100 $a20211217j|||||||| ||| 0 101 0 $afre 135 $auu||||||m|||| 181 $ctxt$2rdacontent 182 $cc$2rdamedia 183 $acr$2rdacarrier 200 13$aLe Solitaire du ravin $ePierre Charnier, 1795-1857, canut lyonnais et prud?homme tisseur /$fLudovic Frobert, George Joseph Sheridan 210 $aLyon $cENS Éditions$d2021 215 $a1 online resource (382 p.) 225 1 $aGouvernement en question(s) 311 $a2-84788-555-2 330 $aPierre Charnier (1795-1857) était un ouvrier en soie de Lyon, un canut. Il ?uvra à la fondation du premier mutuellisme des tisseurs puis devint un de leurs représentants au conseil des prud?hommes où il siégea de 1832 à 1857. Il fut aussi un journaliste dans la petite presse ouvrière de l?époque initiée en 1831 par L?Écho de la fabrique, un journaliste qui signait du pseudonyme Le Solitaire du ravin. Charnier était donc une sagesse, une Lumière et l?une des voix les plus autorisées du peuple des artisans lyonnais en soierie. De la Restauration au milieu du Second Empire, il tenta de promouvoir, par la pensée et par l?action, la réforme de la Grande Fabrique dans le sens d?une véritable démocratie d?ateliers ; et, au-delà, cette réflexion sur son métier lui permis de réfléchir plus largement encore aux conditions politiques, sociales, religieuses pouvant permettre d?améliorer le sort des artisans dans la société de son temps. Cet ouvrage permet de découvrir ce personnage dans sa quotidienneté de tisseur, de mutuelliste, de prud?homme et dans bien d?autres situations encore, dans les temps mouvementés marqués par les trois révoltes des canuts, 1831, 1834, 1849. 517 $aLE SOLITAIRE DU RAVIN. PIERRE CHARNIER 606 $aEconomics 606 $aHistory 606 $aindustrie 606 $aLyon 606 $acommerce 606 $asoie 606 $a19e siècle 606 $aCharnier 606 $aPierre 610 $aindustrie 610 $aLyon 610 $acommerce 610 $asoie 610 $a19e siècle 610 $aCharnier 610 $aPierre 615 4$aEconomics 615 4$aHistory 615 4$aindustrie 615 4$aLyon 615 4$acommerce 615 4$asoie 615 4$a19e siècle 615 4$aCharnier 615 4$aPierre 700 $aFrobert$b Ludovic$0951309 701 $aSheridan$b George Joseph$01320269 801 0$bFR-FrMaCLE 906 $aBOOK 912 $a9910516006403321 996 $aLe Solitaire du ravin$93034126 997 $aUNINA